000 02068nam a2200265Ia 4500
008 130821s2009 enk gr eng
020 _a199566526
020 _a9780199566525
040 _aCo-BoUCM
_bspa
041 0 0 _aeng
245 0 0 _aPopular opinion in totalitarian regimes fascism, Nazism, Communism
_ceditado por Paul Corner
260 _aOxford (Oxfordshire, Inglaterra)
_bOxford University Press
_c2009
300 _axi, 234 páginas
504 _aIncluye referencias bibliográficas e índice.
505 _tPopular opinion in Russia under pre-war Stalinism / Sheila Fitzpatrick. -- Consensus, coercion and popular opinion in the Third Reich: some reflections / Ian Kershaw. -- Liberation from autonomy: mapping self-understandings in Stalin's time / Jochen Hellbeck. -- Beyond binaries: popular opinion in Stalinism / Jan Plamper. -- Popular opinion in Nazi Germany as a factor in the policy of the 'solution of the Jewish Question': the Nuremberg Laws and the Reichskristallnacht / Otto Dov Kulka. -- Popular opinion in Nazi Germany: mobilization, experience, perceptions: the view from the Württemberg countryside / Jill Stephenson. -- Fascist Italy in the 1930s: popular opinion in the provinces / Paul Corner. -- Poland: the silence of those deprived of voice / Marcin Kula. -- Consent in the Communist GDR or how to interpret Lion Feuchtwanger's blindness in Moscow 1937 / Martin Sabrow. -- Demography, opportunity or ideological conversion? Reflections on the role of the 'Second Hitler Youth generation', or '1929ers', in the GDR / Mary Fulbrook. -- Tacit minimal consensus: the always precarious East German dictatorship / Thomas Lindenberger.
650 0 4 _aComunismo
_xHistoria
_972685
650 0 4 _aFascismo
_xHistoria
_915595
650 0 4 _aOpinión pública
_xHistoria
_920772
650 0 4 _aSociología
_9386
650 0 4 _aTotalitarismo
_xHistoria
_925542
651 4 _aEuropa
_xPolítica y gobierno
_937419
700 1 _aCorner, Paul
_eed.
_9166024
942 _cLIBRO
_a5
_e1
_mP831
_2DEWEY
_h303.38
999 _c64227
_d64227